Winnaars WK voetbal (voetballers) - Sudden Death - Statistieken

Algemene statistieken
  • Deze quiz is 1.197 keer genomen
  • De gemiddelde score is 7 van 41
Answers on the Grid
Answers color-coded by a green-red scale on the quiz's grid according to % correct below.
Lionel Messi
Julián Alvarez
Lautaro Martinez
Paulo Dybala
Presnel Kimpembe
N'Golo Kanté
Paul Pogba
Kylian Mbappé
Olivier Giroud
Ousmane Dembélé
Antoine Griezmann
Manuel Neuer
Toni Kroos
Miroslav Klose
Mario Götze
Philipp Lahm
Mesut Özil
Bastian Schweinsteiger
Iker Casillas
Xabi Alonso
Sergio Ramos
Andrés Iniesta
Fernando Torres
Gianluigi Buffon
Francesco Totti
Fabio Cannavaro
Andrea Pirlo
Ronaldo (R9)
Ronaldinho
Roberto Carlos
Thierry Henry
Marcel Desailly
Jürgen Klinsmann
Rudi Völler
Lothar Matthäus
Diego Maradona
Franz Beckenbauer
Gerd Müller
Pelé
Sir Bobby Charlton
Fritz Walter
Marco Reus
Paolo Maldini
Roberto Baggio
Johan Cruyff
Oliver Kahn
Franck Ribéry
Arjen Robben
Luka Modric
Michael Ballack
Zlatan Ibrahimovic
Neymar
Marc-André ter Stegen
Joshua Kimmich
David Beckham
Luis Figo
Marco van Basten
Lev Yashin
Ryan Giggs
Peter Schmeichel
Steven Gerrard
Andrij Schewtschenko
Dennis Bergkamp
Ferenc Puskás
Sergio Agüero
Rodri
Alisson
Daniel Carvajal
 
Antwoordstatistieken
Antwoord % Correct
Lionel Messi
34%
Diego Maradona
29%
Kylian Mbappé
28%
Pelé
28%
Manuel Neuer
25%
Andrés Iniesta
24%
N'Golo Kanté
24%
Iker Casillas
22%
Sergio Ramos
21%
Toni Kroos
21%
Antoine Griezmann
20%
Mario Götze
20%
Paul Pogba
20%
Ronaldo (R9)
20%
Olivier Giroud
19%
Roberto Carlos
19%
Lautaro Martinez
18%
Xabi Alonso
18%
Fabio Cannavaro
17%
Gianluigi Buffon
17%
Paulo Dybala
17%
Philipp Lahm
17%
Ronaldinho
17%
Thierry Henry
17%
Bastian Schweinsteiger
16%
Gerd Müller
16%
Julián Alvarez
16%
Ousmane Dembélé
15%
Andrea Pirlo
14%
Franz Beckenbauer
14%
Mesut Özil
14%
Marcel Desailly
13%
Presnel Kimpembe
13%
Miroslav Klose
12%
Fernando Torres
11%
Lothar Matthäus
10%
Francesco Totti
8%
Rudi Völler
7%
Sir Bobby Charlton
7%
Jürgen Klinsmann
6%
Fritz Walter
4%
Geen overeenkomende quizzen gevonden
Scoreverdeling
Procent van Mensen met Elke Score
Percentiel versus Aantal Correcte Antwoorden
Uw Scoregeschiedenis
U heeft deze quiz nog niet genomen